000 00848nam a22002531u 4500
001 06973
003 HDC
007 cr bn ---
008 210125p2017 o d 00 engg
040 _aHDC
100 _aSathia Varqa, Sathia,
_cDr.
_97466
245 0 _aEssential Palm Oil Statistics 2017 / by
_cDr. Sathia Varqa
260 _a[No Place] :
_b[publisher not identified],
_c2017
300 _a33 pages :
_billustrations
336 _atext
_2rdacontent
337 _acomputer
_2rdamedia
338 _aonline resource
_2rdacarrier
650 _apalm data tracker
_97468
650 _apalm oil
_9212
856 _zRequest full-text at [email protected]
942 _2lcc
942 _cSLIDE
942 _kSLID 000216
999 _c4297
_d4297